000 00288nam a22001337a 4500
008 180117b xxu||||| |||| 00| 0 eng d
020 _a9780061002458
041 _aeng
080 _a038
100 _a23
101 _aFJA
245 _aSpanish dictionary
_cCollins,H
942 _2udc
_cBK
999 _c40436
_d40436